[Event "Tashkent Hodzhaev"]
[Site "Tashkent"]
[Date "1987.??.??"]
[Round "?"]
[White "Tseshkovsky, Vitaly"]
[Black "Timoshchenko, Gennadi A"]
[Result "1/2-1/2"]
[WhiteElo "2505"]
[BlackElo "2495"]

1.e4 e5 2.Nf3 Nc6 3.Bb5 a6 4.Ba4 Nf6 5.O-O Be7 6.Re1 b5 7.Bb3 O-O 8.c3 d6
9.h3 Bb7 10.d4 Re8 11.Nbd2 Bf8 12.Bc2 Nb8 13.b3 Nbd7 14.Bb2 g6 15.a4 Bg7
16.d5 c6 17.c4 b4 18.a5 c5 19.Nf1 Nf8 20.Ng3 Bh6 21.Rf1 Bc8 22.Ra2 Ra7 23.Bb1 Rae7
24.Ne1 N8d7 25.Nd3 Bg5 26.Bc1 Bxc1 27.Qxc1 Rf8 28.h4 h5 29.Ne1 Nh7 30.Nf3 Ree8
31.Re1 Ndf6 32.Ng5 Kg7 33.Bd3 Ng8 34.Nf1 Nxg5 35.Qxg5 Qxg5 36.hxg5 f6 37.gxf6+ Nxf6
38.Ne3 Ng4 39.Nxg4 Bxg4 40.Re3 g5 41.f3 Bd7 42.g3 Rf6 43.Rh2 Kg6 44.Kf2 Ref8
45.Be2 g4 46.Kg2 Kg5 47.Rh4 R8f7 48.Bd1 Rf8  1/2-1/2

[Event "URS Army-ch"]
[Site "Tashkent"]
[Date "1987.??.??"]
[Round "?"]
[White "Yurtaev, Leonid"]
[Black "Timoshchenko, Gennadi A"]
[Result "1-0"]
[WhiteElo "2460"]
[BlackElo "2495"]

1.e4 e5 2.Nf3 Nc6 3.Bb5 a6 4.Ba4 Nf6 5.O-O Be7 6.Re1 b5 7.Bb3 O-O 8.c3 d6
9.h3 Bb7 10.d4 Re8 11.Ng5 Rf8 12.Qd3 h6 13.Nf3 Re8 14.Nbd2 Bf8 15.a3 Na5
16.Bc2 c5 17.b4 c4 18.Qf1 Nc6 19.d5 Ne7 20.a4 g6 21.Nh2 Nh5 22.Ndf3 Bg7 23.Ng4 Kh7
24.Qe2 Rf8 25.Qe3 Ng8 26.Bd2 Kh8 27.axb5 axb5 28.Rxa8 Bxa8 29.Qa7 f5 30.exf5 Bxd5
31.f6 Ngxf6 32.Nh4 Rf7 33.Nxg6+ Kg8 34.Qa6 Qb8 35.Ra1 Nxg4 36.hxg4 Nf6 37.Ra5 Rb7
38.Bf5 Rb6 39.Qa7 Qxa7 40.Rxa7 Rb7 41.Ra6 Ne8 42.Ra8 Kf7 43.Nh4 Nf6 44.Ra6 Be6
45.f3 Bxf5 46.Nxf5 Ne8 47.Rxd6 Ra7 48.Rb6 Ra2 49.Bxh6 Bh8 50.g5  1-0

[Event "URS Army-ch"]
[Site "Tashkent"]
[Date "1987.??.??"]
[Round "?"]
[White "Glek, Igor V"]
[Black "Khalifman, Alexander"]
[Result "1/2-1/2"]
[WhiteElo "2490"]
[BlackElo "2560"]

1.e4 e5 2.Nf3 Nc6 3.Bb5 a6 4.Ba4 Nf6 5.O-O Be7 6.Re1 b5 7.Bb3 O-O 8.c3 d6
9.h3 Bb7 10.d4 Re8 11.Ng5 Rf8 12.f4 exf4 13.Bxf4 Na5 14.Bc2 Nd5 15.exd5 Bxg5
16.Qh5 h6 17.Nd2 Bxd5 18.Ne4 Bxf4 19.Qf5 g6 20.Nf6+ Kg7 21.Nh5+ Kh8 22.Qxf4 Qg5
23.Qxg5 hxg5 24.Nf6 Be6 25.g4 d5 26.Re5 Nc4 27.Rxg5 Kg7 28.Nxd5 Bxd5 29.Rxd5 Ne3
30.Re5 Nxc2 31.Rc1 Nxd4  1/2-1/2

[Event "Tashkent"]
[Site "Tashkent"]
[Date "1987.??.??"]
[Round "?"]
[White "Tseshkovsky, Vitaly"]
[Black "Timoshchenko, Gennadi A"]
[Result "1/2-1/2"]
[WhiteElo "2485"]
[BlackElo "2495"]

1.e4 e5 2.Nf3 Nc6 3.Bb5 a6 4.Ba4 Nf6 5.O-O Be7 6.Re1 b5 7.Bb3 O-O 8.c3 d6
9.h3 Bb7 10.d4 Re8 11.Nbd2 Bf8 12.d5 Nb8 13.Nf1 Nbd7 14.Ng3 Nc5 15.Bc2 c6
16.b4 Ncd7 17.dxc6 Bxc6 18.Bb3 h6 19.Nh2 Nb6 20.Ng4 Nc4 21.a4 Nxg4 22.Qxg4 Bd7
23.Nf5 Kh7 24.Qg3 Be6 25.Rd1 g6 26.axb5 axb5 27.Rxa8 Qxa8 28.Nxh6 Qxe4 29.Ng4 Be7
30.f4 Bxg4 31.Qxg4 Ne3 32.Qe2 exf4 33.Bxf7 Rf8 34.Bd5 Qe5 35.Rd4 Bd8 36.Bf3 Bb6
37.Rd3 Rc8 38.Bd2 Ng4+ 39.Kf1 Nh2+ 40.Ke1 Nxf3+ 41.Rxf3 Rc4 42.Qxe5 dxe5
43.Rd3 Bc7 44.Rd5 e4 45.Ke2 Kg7 46.Rxb5 Kf6 47.Rb7 Be5 48.Rb6+ Kf5 49.Rb5 Ke6
50.Rb6+ Kf5  1/2-1/2

[Event "Timisoara"]
[Site "Timisoara"]
[Date "1987.??.??"]
[Round "?"]
[White "Gheorghiu, Florin"]
[Black "Ghinda, Mihail Viorel"]
[Result "1/2-1/2"]
[WhiteElo "2540"]
[BlackElo "2460"]

1.e4 e5 2.Nf3 Nc6 3.Bb5 a6 4.Ba4 Nf6 5.O-O Be7 6.Re1 b5 7.Bb3 d6 8.c3 O-O
9.h3 Bb7 10.d4 Re8 11.Nbd2 Bf8 12.Bc2 Nb8 13.a4 Nbd7 14.Bd3 c6 15.Nf1 d5
16.N3d2 dxe4 17.Nxe4 exd4 18.Nxf6+ Nxf6 19.Rxe8 Qxe8 20.cxd4 c5 21.axb5 axb5
22.Rxa8 Bxa8 23.dxc5  1/2-1/2

[Event "Tirnavia-B"]
[Site "Trnava"]
[Date "1987.??.??"]
[Round "4"]
[White "Ksieski, Zbigniew"]
[Black "Szymczak, Zbigniew"]
[Result "1/2-1/2"]
[WhiteElo "2365"]
[BlackElo "2390"]

1.e4 e5 2.Nf3 Nc6 3.Bb5 a6 4.Ba4 Nf6 5.O-O Be7 6.Re1 b5 7.Bb3 d6 8.c3 O-O
9.h3 Bb7 10.d4 Re8 11.Ng5 Rf8 12.Nf3 Re8 13.Nbd2 Bf8 14.Nf1  1/2-1/2

[Event "Warsaw zt-B"]
[Site "Warsaw"]
[Date "1987.??.??"]
[Round "?"]
[White "Hawelko, Marek"]
[Black "Georgiev, Krum"]
[Result "1-0"]
[WhiteElo "2460"]
[BlackElo "2470"]

1.e4 e5 2.Nf3 Nc6 3.Bb5 a6 4.Ba4 Nf6 5.O-O Be7 6.Re1 b5 7.Bb3 O-O 8.c3 d6
9.h3 Bb7 10.d4 Re8 11.Nbd2 Bf8 12.a4 Nb8 13.dxe5 dxe5 14.axb5 axb5 15.Rxa8 Bxa8
16.Ng5 Re7 17.Ndf3 Qxd1 18.Rxd1 Bxe4 19.Nxe5 Rxe5 20.Bxf7+ Kh8 21.Rd8 Nfd7
22.Ne6 Nc6 23.Rc8 Na7 24.Rxc7 Bf5 25.Nxf8 Nxf8 26.Be3 Nc8 27.Bc5 Rxc5 28.Rxc5 Bd7
29.Be8 Nb6 30.Bxd7 Nfxd7 31.Rxb5 Kg8 32.Rf5 Nf6 33.Ra5 Kf7 34.Ra7+ Nfd7 35.Kf1 Ke6
36.Ke2 Kd5 37.b3 Kc6 38.Kd3 Nd5 39.g3 g5 40.c4 Nc5+ 41.Kc2 Nc7 42.Ra2 h5
43.b4 Nd7 44.Ra5  1-0

[Event "Warsaw zt-A"]
[Site "Warsaw"]
[Date "1987.??.??"]
[Round "?"]
[White "Jansa, Vlastimil"]
[Black "Hazai, Laszlo"]
[Result "1-0"]
[WhiteElo "2465"]
[BlackElo "2465"]

1.e4 e5 2.Nf3 Nc6 3.Bb5 a6 4.Ba4 Nf6 5.O-O Be7 6.Re1 b5 7.Bb3 d6 8.c3 O-O
9.h3 Bb7 10.d4 Re8 11.Ng5 Rf8 12.Nf3 Re8 13.a4 h6 14.Nbd2 Bf8 15.d5 Ne7 16.Nh2 Qd7
17.Ng4 Nxg4 18.hxg4 c6 19.Nf1 cxd5 20.exd5 g6 21.Ng3 Bg7 22.Be3 Kh7 23.f3 Ng8
24.Qd3 Nf6 25.Bf2 Rec8 26.Ne4 Nxe4 27.Rxe4 f5 28.gxf5 gxf5 29.Rb4 Qf7 30.Bc2 Rf8
31.axb5 a5 32.Rba4 Bxd5 33.Rxa5 e4 34.fxe4 fxe4 35.Qe2 Rxa5 36.Rxa5 Kh8 37.Ra7 Qf4
38.Qe3 Qg4 39.Qg3 Qxg3 40.Bxg3 e3 41.Bd3 Be5 42.Bxe5+ dxe5 43.Re7 Rf2 44.Rxe5 Rxg2+
45.Kf1 Rf2+ 46.Ke1  1-0

[Event "Warsaw zt-B"]
[Site "Warsaw"]
[Date "1987.??.??"]
[Round "?"]
[White "Prandstetter, Eduard"]
[Black "Hawelko, Marek"]
[Result "1/2-1/2"]
[WhiteElo "2430"]
[BlackElo "2460"]

1.e4 e5 2.Nf3 Nc6 3.Bb5 a6 4.Ba4 Nf6 5.O-O Be7 6.Re1 b5 7.Bb3 d6 8.c3 O-O
9.h3 Bb7 10.d4 Re8 11.Ng5 Rf8 12.Nf3 Re8 13.a4 h6 14.Nbd2 Bf8 15.Bc2 exd4
16.cxd4 Nb4 17.Bb1 c5 18.b3 cxd4 19.Nxd4 bxa4 20.Rxa4 a5 21.Bb2 Ra6 22.Re3 d5
23.e5 Ne4 24.Nxe4 dxe4 25.Bxe4 Bxe4 26.Rxe4 Qd5 27.Qe2 Rg6 28.f4 Bc5 29.Kh2 Bxd4
30.Rxd4 Qxb3 31.Ra3 Qc2 32.Rd2 Qf5 33.Qf3 Rc6 34.Rxa5 Rec8 35.Ra4 Rc4 36.Rd4 Rxd4
37.Bxd4 Nd3 38.Be3 Rc2 39.Qe4 Qxe4 40.Rxe4 Re2 41.f5 Nf2 42.Rf4  1/2-1/2

[Event "Duncan Lawrie Women-Men"]
[Site "London"]
[Date "1988.10.24"]
[Round "3"]
[White "Hennigan, Michael"]
[Black "Kraidman, Yair"]
[Result "1/2-1/2"]
[WhiteElo "2295"]
[BlackElo "2405"]

1.e4 e5 2.Nf3 Nc6 3.Bb5 a6 4.Ba4 Nf6 5.O-O Be7 6.Re1 b5 7.Bb3 d6 8.c3 O-O
9.h3 Bb7 10.d4 Re8 11.Ng5 Rf8 12.Nf3 h6 13.Nbd2 Re8 14.Nf1 Bf8 15.Ng3 Na5
16.Bc2 g6 17.a4 Nc6 18.b3 exd4 19.cxd4 Nb4 20.Bb1 c5 21.Bd2 bxa4 22.bxa4 a5
23.Qc1 cxd4 24.Bxh6 Rc8 25.Qd2 Bxh6 26.Qxh6 d3 27.Nd2 Re5 28.Ba2 Nxa2 29.Rxa2 Rec5
30.Raa1 Rc2 31.Qe3 Ba6 32.Rad1 Nd7 33.Nf3 Rb2 34.Nd4 Qf6 35.Rf1 Nc5 36.f4 Bb7
37.f5 Qe5 38.Rf4 Nb3 39.Nxb3 Rxb3 40.fxg6 fxg6 41.Rg4 Qc5 42.Nf5 Qxe3+ 43.Nxe3 Kh7
44.Nd5 Bxd5 45.exd5 Rc2 46.Rg3 Rc4 47.Rgxd3 Rxd3 48.Rxd3 Rxa4 49.Kf2 Kg7
50.Rb3 Rb4 51.Rxb4 axb4 52.Ke3 Kf6 53.Kd4 b3 54.Kc3 Ke5 55.Kxb3 Kxd5 56.h4 Ke4
57.g4  1/2-1/2

[Event "Bad Woerishofen op"]
[Site "Bad Woerishofen"]
[Date "1988.??.??"]
[Round "9"]
[White "Brustman, Agnieszka"]
[Black "Sonntag, Hans Hubert"]
[Result "0-1"]
[WhiteElo "2395"]
[BlackElo "2375"]

1.e4 e5 2.Nf3 Nc6 3.Bb5 a6 4.Ba4 Nf6 5.O-O Be7 6.Re1 b5 7.Bb3 d6 8.c3 O-O
9.h3 Bb7 10.d4 Re8 11.Nbd2 Bf8 12.a3 g6 13.Ba2 Bh6 14.b4 Nb8 15.dxe5 dxe5
16.Bb2 Nbd7 17.c4 c5 18.Qb3 Qe7 19.Bc3 Rac8 20.Qb2 Qd6 21.Rad1 Qc7 22.Qb1 Nb6
23.cxb5 Na4 24.Bxe5 Rxe5 25.Nxe5 Nc3 26.Qb3 Nxa2 27.Nef3 c4 28.Qxa2 c3 29.bxa6 cxd2
30.Nxd2 Bxa6 31.a4 Bd3 32.Qb2 Bc2 33.Qxf6 Bxd1 34.Rxd1 Bxd2 35.b5 Qc2 36.Rf1 Qxa4
37.b6 Qc6 38.b7 Qxb7 39.Qd4 Bc3 40.Qd3 Be5 41.f4 Qb6+ 42.Kh1 Rd8 43.Qc2 Qb2
44.Qa4 Qe2  0-1

[Event "Balatonbereny op"]
[Site "Balatonbereny"]
[Date "1988.??.??"]
[Round "1"]
[White "Horvath, Csaba"]
[Black "Zoebisch, Herbert"]
[Result "1-0"]
[WhiteElo "2445"]
[BlackElo "2240"]

1.e4 e5 2.Nf3 Nc6 3.Bb5 a6 4.Ba4 Nf6 5.O-O Be7 6.Re1 b5 7.Bb3 d6 8.c3 O-O
9.h3 Bb7 10.d4 Re8 11.a4 h6 12.Nbd2 Bf8 13.Bc2 exd4 14.cxd4 Nb4 15.Bb1 c5
16.d5 Nd7 17.Ra3 f5 18.exf5 Nf6 19.Ne4 Bxd5 20.Rae3 Bxe4 21.Bxe4 d5 22.Bb1 Rxe3
23.Rxe3 d4 24.Re6 d3 25.Ne5 c4 26.Qf3 Rc8 27.Qg3 d2 28.Bxd2 Qxd2 29.Rxf6 Qg5
30.Qxg5 hxg5 31.Rg6 Re8 32.Re6 Rd8 33.Be4 Nd3 34.Nc6 Rd6 35.axb5 axb5 36.Rxd6 Bxd6
37.Bxd3 cxd3 38.Kf1 Kf7 39.Ke1 Kf6 40.Kd2  1-0

[Event "URS-ch otbor56"]
[Site "Barnaul"]
[Date "1988.??.??"]
[Round "?"]
[White "Dvoirys, Semen I"]
[Black "Timoshchenko, Gennadi A"]
[Result "1-0"]
[WhiteElo "2440"]
[BlackElo "2455"]

1.e4 e5 2.Nf3 Nc6 3.Bb5 a6 4.Ba4 Nf6 5.O-O Be7 6.Re1 b5 7.Bb3 O-O 8.c3 d6
9.h3 Bb7 10.d4 Re8 11.a4 h6 12.Nbd2 Bf8 13.Bc2 exd4 14.cxd4 Nb4 15.Bb1 c5
16.d5 Nd7 17.Ra3 c4 18.Nd4 Qf6 19.N2f3 Nc5 20.axb5 axb5 21.Nxb5 Rxa3 22.Nxa3 Ba6
23.Re3 Rb8 24.e5 dxe5 25.Nxe5 Ncd3 26.Ng4 Qd4 27.Nc2 Nxc2 28.Bxc2 Bc5 29.Qf3 Nxc1
30.Nxh6+ Kh8 31.Nf5 Qxe3 32.fxe3 Rxb2 33.Ne7 Bxe3+ 34.Qxe3 Rxc2 35.Qe5  1-0

[Event "GMA-Open"]
[Site "Belgrade"]
[Date "1988.??.??"]
[Round "?"]
[White "Ernst, Thomas"]
[Black "Bakic, Rados"]
[Result "1-0"]
[WhiteElo "2450"]
[BlackElo "2360"]

1.e4 e5 2.Nf3 Nc6 3.Bb5 a6 4.Ba4 Nf6 5.O-O Be7 6.Re1 b5 7.Bb3 O-O 8.c3 d6
9.h3 Bb7 10.d4 Re8 11.Nbd2 Bf8 12.a3 Nb8 13.Bc2 Nbd7 14.b4 a5 15.Rb1 g6 16.Bd3 axb4
17.axb4 c6 18.Nb3 d5 19.Na5 Rxa5 20.bxa5 dxe4 21.Bxe4 exd4 22.Bc2 Rxe1+ 23.Qxe1 dxc3
24.Qxc3 Nd5 25.Qa1 Nb4 26.Bb3 c5 27.Bxf7+ Kxf7 28.Ng5+ Kg8 29.Rxb4 Nf6 30.Rf4 Qd5
31.Nf3 Nh5 32.Rxf8+ Kxf8 33.Qh8+ Kf7 34.Qxh7+ Ng7 35.Bb2 Qd1+ 36.Kh2 Qd6+
37.Ne5+ Kf8 38.Qh8+  1-0

[Event "GMA-Open"]
[Site "Belgrade"]
[Date "1988.??.??"]
[Round "?"]
[White "Janosevic, Dragoljub"]
[Black "Nestorovic, Dejan"]
[Result "1-0"]
[WhiteElo "2330"]
[BlackElo "2370"]

1.e4 e5 2.Nf3 Nc6 3.Bb5 a6 4.Ba4 Nf6 5.O-O Be7 6.Re1 b5 7.Bb3 d6 8.c3 O-O
9.h3 Bb7 10.d4 Re8 11.Nbd2 Bf8 12.Bc2 g6 13.d5 Nb8 14.b3 c6 15.c4 Nbd7 16.Nf1 Qc7
17.Ng3 bxc4 18.bxc4 a5 19.Be3 Nc5 20.Bxc5 dxc5 21.Ba4 Nd7 22.Rb1 Rab8 23.Rxb7  1-0

[Event "GMA-Open"]
[Site "Belgrade"]
[Date "1988.??.??"]
[Round "?"]
[White "Tosic, Miroslav"]
[Black "Rogic, Davor"]
[Result "0-1"]
[WhiteElo "2405"]
[BlackElo "2285"]

1.e4 e5 2.Nf3 Nc6 3.Bb5 a6 4.Ba4 Nf6 5.O-O Be7 6.Re1 b5 7.Bb3 d6 8.c3 O-O
9.h3 Bb7 10.d4 Re8 11.Nbd2 Bf8 12.a3 h6 13.Bc2 Nb8 14.b4 Nbd7 15.Bb2 g6 16.Qb1 Bg7
17.Nb3 Rc8 18.Na5 Ba8 19.d5 Nb6 20.Nd2 Nh5 21.a4 Nf4 22.Re3 f5 23.axb5 axb5
24.Nc6 Qd7 25.Bb3 Kh8 26.Kh2 fxe4 27.Qxe4 Nbxd5 28.Rxa8 Nf6 29.Qf3 Rxa8 30.Na5 d5
31.Bc2 Ra6 32.Ndb3 Rb6 33.Nc5 Qc8 34.Bc1 Nd7 35.Nab3 Nxc5 36.Nxc5 e4 37.Qd1 Rf6
38.Rg3 Nh5 39.Rxg6 Rxg6 40.Qxh5 Rd6 41.Bf4 Rf6 42.Be3 Rd8 43.Bd1 Qf5 44.Qh4 Rdf8
45.Kg1 Rd6 46.Bg4 Qf6 47.Qh5 Qxc3 48.Ne6 Qa1+ 49.Kh2 Qe5+ 50.Qxe5 Bxe5+ 51.g3 Rxe6  0-1

[Event "GMA-Open"]
[Site "Belgrade"]
[Date "1988.??.??"]
[Round "?"]
[White "Todorovic, Goran M"]
[Black "Lematschko, Tatjana"]
[Result "1/2-1/2"]
[WhiteElo "2425"]
[BlackElo "2335"]

1.e4 e5 2.Nf3 Nc6 3.Bb5 a6 4.Ba4 Nf6 5.O-O Be7 6.Re1 b5 7.Bb3 O-O 8.c3 d6
9.h3 Bb7 10.d4 Nd7 11.Nbd2 Na5 12.Bc2 c5 13.d5 Rc8 14.Nf1 Nc4 15.a4 bxa4
16.Bxa4 Rb8 17.Bc6 Bc8 18.Ng3 Na5 19.Ba4 c4 20.Ra2 Nc5 21.Bc2 g6 22.Bh6 Re8
23.Be3 Rb5 24.Nd2 Qc7 25.Rxa5 Qxa5 26.Nxc4 Qa2 27.Qe2 Rxb2 28.Nxb2 Qxb2 29.Bxc5 dxc5
30.Ba4 Qxe2 31.Rxe2 Rd8 32.Rb2 Bd7 33.Bxd7 Rxd7 34.Rb8+ Kg7 35.Ra8 Rd6 36.Nf1 Bg5
37.Rc8 f5 38.Rxc5 fxe4 39.Ng3 e3 40.Kf1 Rb6 41.fxe3 Bxe3 42.Rc7+ Kf8 43.Ke2 Bg1
44.Ne4 Rb2+ 45.Kf3 a5 46.d6 Ke8 47.Re7+ Kd8 48.Ng5 e4+ 49.Kg3 Rd2 50.Nf7+ Kc8
51.c4 e3 52.Kf3 e2 53.Rxe2 Rxe2 54.Kxe2 Kd7 55.Kd3 Bc5 56.Kc3 Bxd6 57.Ng5 h5
58.Ne4 Kc6 59.Kb3 Be7 60.Ka4  1/2-1/2

[Event "GMA-Open"]
[Site "Belgrade"]
[Date "1988.??.??"]
[Round "?"]
[White "Rogic, Davor"]
[Black "Ilincic, Zlatko"]
[Result "1-0"]
[WhiteElo "2285"]
[BlackElo "2445"]

1.e4 e5 2.Nf3 Nc6 3.Bb5 a6 4.Ba4 Nf6 5.O-O Be7 6.Re1 b5 7.Bb3 d6 8.c3 O-O
9.h3 Bb7 10.d4 Re8 11.dxe5 Nxe5 12.Nxe5 dxe5 13.Qf3 c5 14.Nd2 Qc7 15.Nf1 c4
16.Bc2 Nd7 17.Ng3 g6 18.Bh6 Bf8 19.Bxf8 Nxf8 20.Qf6 Ne6 21.Re3 Nf4 22.Nf5 gxf5
23.exf5 Qd8 24.Qh6 Ne2+ 25.Rxe2 f6 26.Rd1 Qe7 27.Red2 Rad8 28.Qe3 Rxd2 29.Qxd2 Qg7
30.g3 Bf3 31.Re1 Qb7 32.Kh2 Re7 33.Qd6 Kg7 34.Be4 Bxe4 35.Rxe4 h5 36.Qd8 Qd7
37.Qxd7 Rxd7 38.Re2 Kh6 39.h4 Rd3 40.Kg2 a5 41.Rc2 e4 42.Re2 Rf3 43.Rxe4 Rxf5
44.Rf4 Rxf4 45.gxf4 Kg6 46.Kg3 Kf5 47.Kf3 b4 48.cxb4 axb4 49.Ke3 Kg4 50.a4  1-0

[Event "Noviki"]
[Site "Budapest"]
[Date "1988.??.??"]
[Round "?"]
[White "Horvath, Jozsef"]
[Black "Lukacs, Peter"]
[Result "1/2-1/2"]
[WhiteElo "2495"]
[BlackElo "2465"]

1.e4 e5 2.Nf3 Nc6 3.Bb5 a6 4.Ba4 Nf6 5.O-O Be7 6.Re1 b5 7.Bb3 d6 8.c3 O-O
9.h3 Bb7 10.d4 Re8 11.a4 h6 12.Nbd2 Bf8 13.Bc2 exd4 14.cxd4 Nb4 15.Bb1 g6
16.Re2 c5 17.d5 Nd7 18.Nf1 bxa4 19.Rxa4 a5 20.Ne3 Ba6 21.Re1 Nf6 22.Ng4 Nxg4
23.hxg4 Bg7 24.Ra3 Rb8 25.Qa4  1/2-1/2

[Event "BUL-ch"]
[Site "BUL"]
[Date "1988.??.??"]
[Round "?"]
[White "Ninov, Kiril"]
[Black "Popchev, Milko"]
[Result "1/2-1/2"]
[WhiteElo "2495"]
[BlackElo "2470"]

1.Nf3 Nc6 2.e4 e5 3.Bb5 a6 4.Ba4 Nf6 5.O-O b5 6.Bb3 Be7 7.Re1 d6 8.c3 O-O
9.h3 Bb7 10.d4 Re8 11.Ng5 Rf8 12.Nf3 Re8 13.Ng5 Rf8 14.Nf3 Re8 15.Ng5  1/2-1/2

[Event "Chicago op"]
[Site "Chicago"]
[Date "1988.??.??"]
[Round "?"]
[White "De Firmian, Nick E"]
[Black "Ivanov, Alexander"]
[Result "0-1"]
[WhiteElo "2515"]
[BlackElo "2420"]

1.e4 e5 2.Nf3 Nc6 3.Bb5 a6 4.Ba4 Nf6 5.O-O Be7 6.Re1 b5 7.Bb3 d6 8.c3 O-O
9.h3 Bb7 10.d4 Re8 11.a4 h6 12.Nbd2 Bf8 13.Bc2 exd4 14.cxd4 Nb4 15.Bb1 c5
16.d5 Nd7 17.Ra3 f5 18.Rae3 f4 19.Ra3 Qf6 20.Nb3 Nb6 21.Na5 Rab8 22.axb5 axb5
23.Nxb7 Rxb7 24.Bd2 Nc4 25.Bc3 Ne5 26.Qe2 Qf7 27.Nxe5 dxe5 28.Ra5 c4 29.Qd2 Qe7
30.Rd1 Qd6 31.Ra1 Na6 32.Qe2 Nc5 33.Bc2 b4 34.Be1 c3 35.bxc3 b3 36.Bb1 Qb6
37.c4 Ra7 38.Rxa7 Qxa7 39.Qh5 Qf7 40.Qg4 Bd6 41.Bd2 Qa7 42.g3 fxg3 43.Qxg3 Kh8
44.Be3 Rf8 45.Kh1 Qe7 46.Rg1 Nb7 47.Rg2 Bc5 48.Bd2 Nd6 49.Be1 b2 50.Qb3 Rf4
51.Qxb2 Nxe4 52.Qe2 Ng5 53.Rg3 e4 54.Kg2 Nf3 55.Bc3 Nh4+ 56.Kh1 Nf5 57.Rg4 Rxf2
58.Qe1 Qd6 59.Qg1 Rf3 60.Qg2 Rxc3  0-1

[Event "Dieren op"]
[Site "Dieren"]
[Date "1988.??.??"]
[Round "7"]
[White "Knoppert, Erik G J"]
[Black "Voormans, Jan"]
[Result "0-1"]
[WhiteElo "2310"]
[BlackElo "2210"]

1.e4 e5 2.Nf3 Nc6 3.Bb5 a6 4.Ba4 Nf6 5.O-O Be7 6.Re1 b5 7.Bb3 d6 8.c3 O-O
9.h3 Bb7 10.d4 Re8 11.Nbd2 Bf8 12.Bc2 h6 13.a4 exd4 14.cxd4 Nb4 15.Bb1 c5
16.d5 g6 17.Nf1 Bg7 18.Bd2 bxa4 19.Qc1 Kh7 20.Bc3 a5 21.g4 Ba6 22.Qd2 Nd7
23.Ng3 Bb5 24.h4 Ne5 25.Nxe5 Bxe5 26.Bxe5 dxe5 27.Kg2 c4 28.f4 Qxh4 29.Kf3 Qf6
30.f5 Qg5 31.Qxg5 hxg5 32.Ra3 Kg7 33.fxg6 fxg6 34.Ne2 Rh8 35.Kg3 Rh4 36.Ng1 Bd7
37.Nf3 Rxg4+ 38.Kf2 Rf8 39.Rae3 Rff4 40.Rg1 Rxg1 41.Kxg1 Kf6 42.Nd2 Bb5 43.Rc3 Rg4+
44.Kh2 Rh4+ 45.Kg2 Ke7 46.Nxc4 Nxd5 47.exd5 Bxc4 48.Bxg6 Bxd5+ 49.Kg3 Rc4
50.Rd3 Rd4 51.Re3 Kf6 52.Bc2 Rd2 53.Bxa4 Rg2+ 54.Kh3 Rxb2 55.Rd3 Rb4 56.Bd1 Rd4  0-1

[Event "Eger op"]
[Site "Eger"]
[Date "1988.??.??"]
[Round "?"]
[White "Utasi, Tamas"]
[Black "Papagorasz, Takisz"]
[Result "1-0"]
[WhiteElo "2420"]
[BlackElo "2260"]

1.e4 e5 2.Nf3 Nc6 3.Bb5 a6 4.Ba4 Nf6 5.O-O Be7 6.Re1 b5 7.Bb3 d6 8.c3 O-O
9.h3 Bb7 10.d4 Re8 11.a4 h6 12.Nbd2 Bf8 13.Bc2 exd4 14.cxd4 Nb4 15.Bb1 c5
16.d5 Nd7 17.Ra3 c4 18.axb5 axb5 19.Nd4 Qb6 20.Nf5 g6 21.Nf1 Kh7 22.Nxh6 Bxh6
23.Bxh6 Rxa3 24.bxa3 Nxd5 25.exd5 Rxe1 26.Qxe1 Kxh6 27.Qe8 Kg7 28.Qxd7 Bxd5
29.Qe7 Be6 30.Qg5 b4 31.axb4 Qxb4 32.Bc2 Qc3 33.Qd2 Qe5 34.Nh2 Qa1+ 35.Qd1 Qxd1+
36.Bxd1 Kf6 37.Kf1 Ke5 38.Nf3+ Kd5 39.Ke2 Kc5 40.Kd2 Bd5 41.Kc3 Be4 42.g3 Bxf3
43.Bxf3 d5 44.h4  1-0

[Event "Espoo"]
[Site "Espoo"]
[Date "1988.??.??"]
[Round "5"]
[White "Ebeling, Mika"]
[Black "Hazai, Laszlo"]
[Result "1/2-1/2"]
[WhiteElo "2320"]
[BlackElo "2440"]

1.e4 e5 2.Nf3 Nc6 3.Bb5 a6 4.Ba4 Nf6 5.O-O Be7 6.Re1 b5 7.Bb3 d6 8.c3 O-O
9.h3 Bb7 10.d4 Re8 11.Ng5 Rf8 12.f4 exf4 13.Bxf4 Na5 14.Bc2 Nd5 15.exd5 Bxg5
16.Qh5 h6 17.Nd2 Bxd5 18.Ne4 Bxe4 19.Bxe4 Bxf4 20.Qf5 g6 21.Qxf4 d5 22.Bf3 Kh7
23.b3 c6 24.Re5 Ra7 25.Rae1 Kg7 26.Qe3 f6 27.Re8 Rxe8 28.Qxe8 Qxe8 29.Rxe8 Rc7
30.Ra8 Nb7 31.Rxa6 Nd6 32.Bxd5 cxd5 33.Rxd6 Rxc3 34.Rxd5 Rc1+ 35.Kh2 Ra1
36.Rxb5 Rxa2 37.Rb7+ Kf8 38.b4 Rd2 39.b5 Rxd4 40.b6 Rd6 41.Rb8+ Kg7 42.Rb7+ Kg8
43.Rb8+ Kg7 44.Kg3 f5 45.Kf4 Re6 46.g4 fxg4 47.hxg4  1/2-1/2

[Event "Frunze"]
[Site "Frunze"]
[Date "1988.??.??"]
[Round "?"]
[White "Kruppa, Yuri"]
[Black "Klovans, Janis"]
[Result "1-0"]
[WhiteElo "2435"]
[BlackElo "2400"]

1.e4 e5 2.Nf3 Nc6 3.Bb5 a6 4.Ba4 Nf6 5.O-O Be7 6.Re1 b5 7.Bb3 d6 8.c3 O-O
9.h3 Bb7 10.d4 Re8 11.Nbd2 Bf8 12.a4 h6 13.d5 Ne7 14.c4 bxc4 15.Nxc4 c6 16.dxc6 Nxc6
17.a5 Na7 18.Bc2 Nb5 19.Be3 Qc7 20.Nfd2 d5 21.Bb6 Qc6 22.exd5 Nxd5 23.Qf3 Nxb6
24.Qxc6 Bxc6 25.axb6 Nd4 26.Ba4 f6 27.Bxc6 Nxc6 28.Nb3 Reb8 29.Red1 Rb7 30.Rd5 Nb4
31.Rd2 Rc8 32.Nba5 Rbb8 33.Rad1 Nc6 34.Nxc6 Rxc6 35.Rd8 Rxd8 36.Rxd8 Rxc4
37.b7 Rb4 38.b8=Q Rxb8 39.Rxb8  1-0

[Event "BL2-SW8788"]
[Site "Germany"]
[Date "1988.??.??"]
[Round "?"]
[White "Kopp, Bernd"]
[Black "Staller, Peter"]
[Result "0-1"]
[WhiteElo "2280"]
[BlackElo "2370"]

1.e4 e5 2.Nf3 Nc6 3.Bb5 a6 4.Ba4 Nf6 5.O-O Be7 6.Re1 b5 7.Bb3 d6 8.c3 O-O
9.h3 Bb7 10.d4 Na5 11.Bc2 Nc4 12.b3 Nb6 13.dxe5 dxe5 14.Qxd8 Raxd8 15.Nxe5 Nxe4
16.Bf4 f5 17.f3 Nd5 18.Nd3 Nxf4 19.Nxf4 Bc5+ 20.Kh1 Bf2 21.Rd1 Rxd1+ 22.Bxd1 Rd8
23.Bc2 Ng3+ 24.Kh2 Nf1+ 25.Kh1 Ne3 26.Na3 Rd2 27.Rc1 Bg3 28.Ne6 Rxg2 29.Bd1 Rd2  0-1

[Event "Istanbul"]
[Site "Istanbul"]
[Date "1988.??.??"]
[Round "?"]
[White "Yilmaz, Gulsevil"]
[Black "Geller, Efim P"]
[Result "0-1"]
[WhiteElo "2015"]
[BlackElo "2505"]

1.e4 e5 2.Nf3 Nc6 3.Bb5 a6 4.Ba4 Nf6 5.O-O Be7 6.Re1 b5 7.Bb3 O-O 8.c3 d6
9.h3 Bb7 10.d4 Qd7 11.Nbd2 Rad8 12.d5 Nb8 13.a4 c6 14.axb5 axb5 15.dxc6 Bxc6
16.Bc2 Rfe8 17.Nf1 Qb7 18.Ng3 Nbd7 19.Bg5 h6 20.Be3 d5 21.Nf5 Bf8 22.N3h4 dxe4
23.Ra7 Nc5 24.Qa1 Ra8 25.Rxa8 Qxa8 26.Qc1 Kh7 27.Nxg7 Bxg7 28.Bxc5 Qc8 29.f3 Rg8
30.Qe3 Kh8 31.g4 exf3 32.Nf5 e4 33.Bd4 Qe6 34.Bb3 Nxg4 35.hxg4 Qxf5 36.Kf1 Qh7
37.Bxf7 Rf8 38.Bh5 Bxd4 39.cxd4 Bd5 40.Kf2 Rf6 41.Rc1 Qd7 42.g5 Rc6 43.Rc5 Qc7
44.Bxf3 Rxc5 45.dxc5 Qf7 46.Ke1 exf3 47.Qd4+ Kh7 48.gxh6 Qe6+ 49.Kf2 Qe2+
50.Kg3 Qg2+ 51.Kh4 f2  0-1

[Event "Kecskemet"]
[Site "Kecskemet"]
[Date "1988.??.??"]
[Round "?"]
[White "King, Daniel J"]
[Black "Lukacs, Peter"]
[Result "1-0"]
[WhiteElo "2520"]
[BlackElo "2465"]

1.e4 e5 2.Nf3 Nc6 3.Bb5 a6 4.Ba4 Nf6 5.O-O Be7 6.Re1 b5 7.Bb3 O-O 8.c3 d6
9.h3 Bb7 10.d4 Re8 11.Nbd2 Bf8 12.a3 h6 13.Bc2 Nb8 14.b4 Nbd7 15.Bb2 g6 16.Qb1 Bg7
17.Nb3 Rc8 18.Na5 Ba8 19.d5 Nb6 20.a4 c6 21.dxc6 Bxc6 22.Nxc6 Rxc6 23.axb5 axb5
24.Ra5 Nc4 25.Rxb5 Nxb2 26.Qxb2 Qc7 27.Ra5 Rxc3 28.Bb3 Rc8 29.Qa2 Rb8 30.Ra7 Rb7
31.Rxb7 Qxb7 32.Rb1 Qc7 33.Kh2 Rc6 34.b5 Rb6 35.Bd5 h5 36.Nd2 Bh6 37.Nc4 Nxd5
38.Qa8+ Rb8 39.Qxd5 Rc8 40.b6 Qb8  1-0

[Event "Kobanya op"]
[Site "Kobanya"]
[Date "1988.??.??"]
[Round "?"]
[White "Wittwer, Moritz"]
[Black "Shvidler, Eliahu"]
[Result "1/2-1/2"]
[WhiteElo "2265"]
[BlackElo "2440"]

1.e4 e5 2.Nf3 Nc6 3.Bb5 a6 4.Ba4 Nf6 5.O-O Be7 6.Re1 b5 7.Bb3 d6 8.h3 O-O
9.c3 Re8 10.Ng5 Rf8 11.Nf3 Bb7 12.d4 Re8 13.Nbd2 Bf8 14.a4 h6 15.d5 Ne7 16.c4 Qd7
17.Qe2 c6 18.dxc6 Bxc6 19.axb5 axb5 20.Rxa8 Rxa8 21.cxb5 Bxb5 22.Bc4 Bc6
23.Bd3 Ng6 24.Nc4 Ra1 25.Bd2 Rxe1+ 26.Nxe1 Nf4 27.Bxf4 exf4 28.e5 Ne8 29.Nf3 d5
30.Na5 Nc7  1/2-1/2

[Event "POL-ch"]
[Site "Lublin"]
[Date "1988.??.??"]
[Round "?"]
[White "Kuczynski, Robert"]
[Black "Hawelko, Marek"]
[Result "1-0"]
[WhiteElo "2485"]
[BlackElo "2385"]

1.e4 e5 2.Nf3 Nc6 3.Bb5 a6 4.Ba4 Nf6 5.O-O Be7 6.Re1 b5 7.Bb3 d6 8.c3 O-O
9.h3 Bb7 10.d4 Re8 11.Nbd2 Bf8 12.a3 h6 13.Bc2 Nb8 14.b4 Nbd7 15.Bb2 g6 16.Qb1 Rb8
17.Nb3 c5 18.bxc5 dxc5 19.Nxe5 Nxe5 20.dxe5 Nh5 21.Qc1 c4 22.Nd4 Rxe5 23.a4 Qf6
24.Nf3 Ree8 25.axb5 axb5 26.Qe3 Nf4 27.e5 Nxh3+ 28.Kh2 Qf4+ 29.Kxh3 Bc8+
30.g4 Qxg4+ 31.Kh2 Bb7 32.Bd1 Bd6 33.Qd4 Qh5+ 34.Kg1 Bxf3 35.Bxf3 Qxf3 36.exd6 Rbd8
37.d7 Rxe1+ 38.Rxe1 Qc6 39.Rd1 Qe6 40.Bc1 h5 41.Bg5  1-0

[Event "POL-ch"]
[Site "Lublin"]
[Date "1988.??.??"]
[Round "4"]
[White "Hawelko, Marek"]
[Black "Czerwonski, Aleksander"]
[Result "1-0"]
[WhiteElo "2385"]
[BlackElo "2335"]

1.e4 e5 2.Nf3 Nc6 3.Bb5 a6 4.Ba4 Nf6 5.O-O Be7 6.Re1 b5 7.Bb3 d6 8.c3 O-O
9.h3 Bb7 10.d4 Re8 11.a4 Bf8 12.d5 Na5 13.Ba2 h6 14.Na3 c6 15.Nh2 cxd5 16.exd5 Qd7
17.axb5 axb5 18.Be3 Nc4 19.Nxc4 bxc4 20.Bxc4 Rxa1 21.Qxa1 Nxd5 22.Bd2 Nf6
23.Bf1 Ne4 24.Be3 f5 25.Qd1 Nf6 26.Nf3 d5 27.Qb3 f4 28.Bb6 Bd6 29.c4 dxc4
30.Bxc4+ Kh8 31.Ba5 Bxf3 32.Qxf3 e4 33.Qd1 Qa7 34.Qxd6 Qxa5 35.b4 Qg5 36.Bf1 f3
37.Kh2 fxg2 38.Bxg2 e3 39.Rxe3 Rxe3 40.fxe3 Qxe3 41.b5 Qe8 42.b6 Nd7 43.b7 Qb8
44.Qxb8+ Nxb8 45.Kg3 Kg8 46.Kf4 Kf7 47.Ke5 Ke7 48.Kf5 Nd7 49.Kg6 Kf8 50.h4 Ne5+
51.Kf5 Nd7 52.h5  1-0